00697nab a2200205 uc450000100070000000500170000700800410002403500110006503500210007604000130009704100080011010000380011824500440015665000480020065000300024870000390027877301470031794200100046499900170047411418720240201130107.0961129e19961231 spa  a114187 a(OCoLC)819749673 ccomduadb aspa10aTsuei, Chang C.4auteaut931641810aSuperconductividad a altas temperaturas aSuperconductores de alta temperatura951862 aSuperconductividad94245410aKirtley, John R.4auteaut92706090 tInvestigación y Ciencia. Edición Española de Scientific American (Barcelona)gNúmero 241, Octubre 1996, p. 48-53w5406z0210136X03445 cARIMP c88746d88746